History Quiz

Random History or Country Quiz

The Map Range Game Quiz Stats

 Plays Quiz Updated Oct 21, 2014

Challenge
Share
Tweet
Score 0/20 Timer 07:00
1 Play Today
% Correct
c. Koreas 1953-present
89.1%
a. Southeast Europe 2008-present
88.4%
b. Germany 1949-1990
86.6%
c. Central Africa 2011-present
76.2%
b. Europe 1922-1929
66.1%
a. U.S. 1900-1907
65.6%
a. Zaire 1975-1997
59%
b. Vietnam 1954-1976
58.3%
c. Palestine 1922-1943
57%
a. 2nd Boer War 1899-1902
52.9%
% Correct
c. U.S. 1803-1812
52.7%
b. Balkan Penninsula 1913-1914
52.5%
c. Canada 1999-present
46.3%
c. Africa 1914
45.4%
b. Republic of Texas 1836-1846
45.3%
b. Rome 44-31 B.C.
44.4%
a. U.S.S.R. 1990-1991
44.1%
a. Scandanavia 1743-1812
40.7%
a. South America 1954-1962
34.8%
a. U.S. 1848-1861
31%

You're not logged in!

Compare scores with friends on all Sporcle quizzes.
OR
Log In

You Might Also Like...

Show Comments

Extras

Top Quizzes Today


Score Distribution

Your Account Isn't Verified!

In order to create a playlist on Sporcle, you need to verify the email address you used during registration. Go to your Sporcle Settings to finish the process.

Report this User

Report this user for behavior that violates our Community Guidelines.

Details: